000 00835nam a2200277 i 4500
001 2647
003 BD-RjUL
005 20211208233608.0
008 131212s1975 ilua bs 001 0 eng
020 _a0528670093
035 _a(BD-RjUL)2674
040 _aDLC
_cDLC
_dDLC
_dBD-RjUL
_beng
041 _aeng
082 0 0 _a330.973
_220
_bNIU 1975
100 1 _aNiemi, Albert W.
_98544
245 1 0 _aU.S. economic history :
_ba survey of the major issues /
_cAlbert W. Niemi, Jr.
260 _aChicago :
_bRand McNally College Pub. Co.,
_c1975.
300 _axviii, 361 p. :
_bill. ;
_c23 cm.
490 0 _aRand McNally economics series
500 _aIncludes indexes.
504 _aBibliography: p. 315-343.
651 0 _aUnited States
_xEconomic conditions.
_98545
942 _2ddc
_cBK
999 _c2647
_d2647